000 00415nam a2200169Ia 4500
008 180921t1987 xxu||||| |||| 00| 0 eng d
041 _aeng
080 _a523
_bSEE
100 _aSeeds Michael A.
245 _aHolizones
260 _bWatsworth publishing
_aCalifornia
_c1987
300 _a496p., ill., 25 cm
650 _aAstronomy
942 _cBK
999 _c13070
_d13070
003 LK-CoDNM
040 _aLK-CoDNM
_dLK-CoDNM
_eLK-CoDNM